Study on employee retention at Nissan Honnassiri Motoras India ltd / (Record no. 231827)
[ view plain ]
| 000 -LEADER | |
|---|---|
| fixed length control field | 00653nam a22001937a 4500 |
| 003 - CONTROL NUMBER IDENTIFIER | |
| control field | OSt |
| 005 - DATE AND TIME OF LATEST TRANSACTION | |
| control field | 20240918152329.0 |
| 008 - FIXED-LENGTH DATA ELEMENTS--GENERAL INFORMATION | |
| fixed length control field | 240918b ||||| |||| 00| 0 eng d |
| 040 ## - CATALOGING SOURCE | |
| Transcribing agency | AIMIT LIBRARY |
| 100 ## - MAIN ENTRY--PERSONAL NAME | |
| Personal name | Kumar J R, Sudeep. |
| Relator term | 2216209 |
| 9 (RLIN) | 179347 |
| 245 ## - TITLE STATEMENT | |
| Title | Study on employee retention at Nissan Honnassiri Motoras India ltd / |
| Statement of responsibility, etc. | By Sudeep Kumar J R : Guided by Vinay Krishna. |
| 260 ## - PUBLICATION, DISTRIBUTION, ETC. | |
| Place of publication, distribution, etc. | Mysore : |
| Date of publication, distribution, etc. | 2024 |
| 650 ## - SUBJECT ADDED ENTRY--TOPICAL TERM | |
| Topical term or geographic name entry element | Conceptual framework |
| 9 (RLIN) | 179348 |
| 650 ## - SUBJECT ADDED ENTRY--TOPICAL TERM | |
| Topical term or geographic name entry element | Scope of the study |
| 9 (RLIN) | 179349 |
| 650 ## - SUBJECT ADDED ENTRY--TOPICAL TERM | |
| Topical term or geographic name entry element | Research instrument |
| 9 (RLIN) | 179350 |
| 700 ## - ADDED ENTRY--PERSONAL NAME | |
| Personal name | Krishna, Vinay. |
| Relator term | Guide |
| 9 (RLIN) | 179351 |
| 856 ## - ELECTRONIC LOCATION AND ACCESS | |
| Materials specified | Honnassiri Motors India Pvt Ltd |
| 942 ## - ADDED ENTRY ELEMENTS (KOHA) | |
| Source of classification or shelving scheme | Dewey Decimal Classification |
| Koha item type | Project Report |
| Withdrawn status | Lost status | Source of classification or shelving scheme | Damaged status | Not for loan | Collection code | Home library | Current library | Shelving location | Date acquired | Total Checkouts | Barcode | Date last seen | Copy number | Price effective from | Koha item type |
|---|---|---|---|---|---|---|---|---|---|---|---|---|---|---|---|
| Dewey Decimal Classification | Not for loan | MBA | St Aloysius Institute of Management & Information Technology | St Aloysius Institute of Management & Information Technology | Dissertations | 09/18/2024 | PRB02421 | 09/18/2024 | 2216209 | 09/18/2024 | Project Report |